1524 1519 1986 1778 1477 1707 1506 1493 1150 1530 1151 1880 1129 1437 1997 1955 1511 1389 1364 1279 1960 1633 1380 1495 1905 1646 1617 1616 1810 1697 1169 1326 1124 1176 1884 1331 1443 1308 1089 1354 1828 1049 1525 1190 1720 1141 1539 1569 1183 1153 1202 1910 1448 1468 1021 1531 1822 1294 1246 1683 1371 1855 1291 1574 1170 1541 1212 1017 1668 1196 1308 1538 1308 1477 1316 1520 1984 1599 1800 1750 1901 1342 1741 1772 1845 1097 1696 1283 1468 1558 1920 1472 1454 1177 1243 1223 1217 1256 1926 BCNSPRNW ULIB Ver.6.0+V

เปลี่ยนเป็นภาษาไทย

Change to English
 แสดงรายละเอียดบรรณานุกรม
  กลับหน้าหลัก

Brief Record : Get Marc (ISO 2709) : E-mail record : QR code < ปิดหน้าต่าง
LEADER : 00000nam 2200000uu 4500
001    13399121766
003     ULIB
008    121204s2550||||th 000 0 tha d
020    ^a9789749990445
060 04 ^aWE168^bอ128จ 2550
245 00 ^aจุลศัลยกรรมทางออร์โธปิดิกส์ =^bMicrosurgery in Orthopaedics /^cบรรณาธิการ, อดิศร ภัทราดูลย์
246 31 ^aMicrosurgery in Orthopaedics
250    ^aพิมพ์ครั้งที่ 1
260    ^aกรุงเทพฯ :^bภาควิชาออร์โธปิดิคส์ คณะแพทยศาสตร์จุฬาลงกรณ์มหาวิทยาลัย,^c2550
300    ^a154 หน้า :^bภาพประกอบสี ;^c29 ซม.
650  7 ^aกระดูก^xศัลยกรรม
650  7 ^aศัลยกรรมออร์โทพีดิกส์
710 2  ^aจุฬาลงกรณ์มหาวิทยาลัย. ^bคณะแพทยศาสตร์.^bภาควิชาออร์โธปิดิคส์
945    ^p1000^l0^i14280
995    ^aกัณชพร
999 ^a ใช้งานได้ทุกระบบ
รายการนี้ยังไม่มีแท็ก
คุณยังไม่ได้ล็อกอิน คุณสามารถมีกิจกรรมร่วมกับเว็บไซต์ได้ แต่ต้องล็อกอินก่อน ::
  ล็อกอิน

รายการสื่อสารสนเทศ

ลำดับที่ ประเภท เลขเรียก/บาร์โค้ด สถานที่ สถานะ
1. วิทยาศาสตร์การแพทย์ และสุขภาพ
วิทยาศาสตร์การแพทย์ และสุขภาพ
WE168 อ128จ 2550  
  Barcode: 14280
ห้องสมุดวิทยาเขตสวรรค์ประชารักษ์
►ส่วนจัดเก็บหนังสือเก่า สปร
บนชั้น
  ขอยืม

รายการใกล้เคียง
    หัวเรื่อง [ศัลยกรรมออร์โทพีดิกส์]

BibComment


ยังไม่เคยถูกคอมเมนท์

คอมเมนท์ทรัพยากรรายการนี้
  คอมเมนท์: จุลศัลยกรรมทางออ..


 Copyright 2026. Bcnsprnw @Library